000 00274nam a2200121Ia 4500
008 241002s9999 xx 000 0 und d
082 _a960.327 DAV
100 _aDavidson, Basil
245 0 _aWhich Way Africa
260 _aLondon:
_c1971
600 _aHistory
942 _cUC
999 _c18587
_d18587